15 krajów o największej liczbie zgonów Covid19 - 8 grudnia 2021 - Statystyki

Ogólne statystyki
  • Ten quiz został rozwiązany 31 razy
  • Średni wynik to 11 z 27
Statystyki odpowiedzi
kraj % Poprawnych
Stany Zjednoczone
100%
Niemcy
89%
Francja
86%
Indie
86%
Rosja
79%
Brazylia
75%
Meksyk
71%
Włochy
71%
Wielka Brytania
68%
Argentyna
61%
Republika Południowej Afryki
43%
Kolumbia
39%
Iran
36%
Peru
36%
Czechy
29%
Indonezja
29%
Chorwacja
18%
Rumunia
14%
Słowacja
14%
Węgry
14%
Armenia
11%
Bułgaria
11%
Gruzja
11%
Macedonia Północna
11%
Słowenia
11%
Bośnia i Hercegowina
7%
Litwa
7%
Nie znaleziono quizów pasujących do podanych kryteriów
Rozkład punktacji
Procent ludzi z każdym wynikiem
Percentyl według liczby udzielonych odpowiedzi
Twoja historia wyników
Nie rozwiązałeś tego quizu